|
|
|
|
| LEADER |
00000nab a2200000 a 4500 |
| 001 |
vtls000917104 |
| 003 |
SK-MaSNL |
| 005 |
20260302173714.0 |
| 008 |
040720e19920817xo 0 slo |
| 035 |
|
|
|a KE25984
|
| 040 |
|
|
|a KEVKJB
|b slo
|c KEVKJB
|e AACR2
|
| 041 |
0 |
|
|a slo
|
| 044 |
|
|
|a xo
|c SK
|
| 080 |
|
|
|a 791.45
|2 1981
|
| 100 |
1 |
|
|a Jusk, Štefan
|4 aut
|9 882037
|
| 245 |
1 |
0 |
|a Prečo potrebujeme alternatívne kiná
|b Impulz dáva impulzy
|
| 610 |
2 |
7 |
|a Kino Impulz (Košice, Slovensko)
|2 KEVKJB
|9 882038
|
| 650 |
0 |
7 |
|a kino
|2 KEVKJB
|9 271304
|
| 650 |
0 |
7 |
|a publikum
|2 KEVKJB
|9 99117
|
| 650 |
0 |
7 |
|a Spektrum
|2 KEVKJB
|9 882039
|
| 651 |
|
7 |
|a Košice (Slovensko)
|2 KEVKJB
|9 18694
|
| 773 |
0 |
8 |
|t Košický večer
|g Roč. 3
|g Roč. 28, č.160, 17.8.1992, s. 5
|
| 852 |
|
|
|a ZVYKNI
|b KIS3GCP
|
| 999 |
|
|
|c 1402133
|d 1404063
|